[Event "Campeonato de España Individual"]
[Site "Cala Major-Palma de Mallorca"]
[Date "2009.10.04"]
[Round "9.20"]
[White "Hernandez Gallardo, Fco Javier"]
[Black "Sabater Sanchez, Asensio"]
[Result "1/2-1/2"]
[WhiteElo "2360"]
[BlackElo "2211"]
[PlyCount "95"]
[EventDate "2009.09.26"]

1. e4 e5 2. Nf3 Nf6 3. d4 Nxe4 4. dxe5 d5 5. Nbd2 Nxd2 6. Bxd2 Be7 7. Bd3 Bg4
8. Bc3 Nc6 9. Bb5 O-O 10. Bxc6 bxc6 11. h3 Bxf3 12. Qxf3 Qd7 13. O-O-O f6 14.
Qg3 fxe5 15. Bxe5 Bd6 16. Rhe1 Bxe5 17. Rxe5 Rae8 18. Rde1 Rxe5 19. Rxe5 Re8
20. Qe3 Rxe5 21. Qxe5 Kf7 22. Kd2 c5 23. b3 c6 24. g4 Qe7 25. Qxe7+ Kxe7 26. h4
Kf6 27. Ke3 Ke5 28. f4+ Kf6 29. h5 Ke6 30. Kf3 Kf6 31. Kg3 Ke6 32. Kh3 Kf6 33.
Kh4 g6 34. hxg6 hxg6 35. Kg3 Ke6 36. Kf3 Kf6 37. Ke3 Ke6 38. Kd3 Kd6 39. Kc3
Ke6 40. Kb2 d4 41. Kc1 Kd5 42. Kd2 Ke4 43. f5 gxf5 44. gxf5 Kxf5 45. Kd3 Ke5
46. Kc4 Kd6 47. a3 a6 48. b4 1/2-1/2

[Event "Campeonato de España Individual"]
[Site "Cala Major-Palma de Mallorca"]
[Date "2009.10.04"]
[Round "9.22"]
[White "Machin Arbelo, Pedro Alexis"]
[Black "Garcia-Ortega Mendez, Jose M"]
[Result "0-1"]
[WhiteElo "2052"]
[BlackElo "2277"]
[PlyCount "96"]
[EventDate "2009.09.26"]

1. d4 Nf6 2. Nc3 d5 3. Bg5 Nbd7 4. Nf3 h6 5. Bh4 e6 6. e3 c5 7. Bb5 Qa5 8. Ne5
a6 9. Bxf6 axb5 10. Qh5 Nxe5 11. Bxe5 b4 12. Ne2 b3+ 13. c3 bxa2 14. Nc1 Qb5
15. Qe2 c4 16. Rxa2 Rxa2 17. Nxa2 Qa4 18. Nc1 f6 19. Bg3 Be7 20. Qh5+ Kf8 21.
O-O Qb5 22. Qe2 Kf7 23. b3 Bd7 24. bxc4 Qxc4 25. Qxc4 dxc4 26. Ne2 Ra8 27. Rb1
b5 28. f3 Ra2 29. Kf1 g5 30. h4 Bc6 31. hxg5 hxg5 32. Kf2 b4 33. cxb4 c3 34. b5
Bd5 35. b6 c2 36. Rh1 Ba3 37. Nc1 Ra1 38. Rh7+ Kg6 39. Rc7 Rxc1 40. e4 Bb7 41.
Ke3 Rb1 42. Rxc2 Rxb6 43. Rc3 Bb4 44. Rc7 Bf8 45. Be1 Bd6 46. Rc2 Bf4+ 47. Kf2
Rb3 48. g3 Be3+ 0-1

[Event "Campeonato de España Individual"]
[Site "Cala Major-Palma de Mallorca"]
[Date "2009.10.04"]
[Round "9.23"]
[White "Barcelo Pujadas, Pedro Jose"]
[Black "Lorente Penalba, Diego"]
[Result "1-0"]
[WhiteElo "2249"]
[BlackElo "2120"]
[PlyCount "49"]
[EventDate "2009.09.26"]

1. Nf3 Nc6 2. d4 d5 3. Bf4 Bg4 4. e3 Qd7 5. c4 e6 6. Nc3 Bb4 7. cxd5 exd5 8.
Rc1 Nf6 9. h3 Bxf3 10. Qxf3 O-O 11. Bd3 Ne4 12. Bxe4 dxe4 13. Qg3 Ne7 14. O-O
Bxc3 15. Rxc3 c6 16. Rc5 f5 17. h4 Nd5 18. a3 Qf7 19. b4 Rae8 20. Bd6 f4 21.
exf4 Nxf4 22. Rc2 Re6 23. Bxf8 Rg6 24. Bd6 Rxg3 25. fxg3 1-0

[Event "Campeonato de España Individual"]
[Site "Cala Major-Palma de Mallorca"]
[Date "2009.10.04"]
[Round "9.25"]
[White "Navarrete Espi, Samuel"]
[Black "Khamrakulov, Ibragim S"]
[Result "0-1"]
[WhiteElo "1929"]
[BlackElo "2554"]
[PlyCount "80"]
[EventDate "2009.09.26"]

1. e4 c5 2. Nf3 a6 3. Nc3 b5 4. d4 cxd4 5. Nxd4 Bb7 6. Bd3 e6 7. O-O Nf6 8. e5
Nd5 9. Nxd5 Bxd5 10. a4 b4 11. a5 Qc7 12. Re1 Nc6 13. Nxc6 Qxc6 14. Bf1 Be7 15.
Qg4 g6 16. Bg5 h5 17. Qh4 Bxg5 18. Qxg5 Qxc2 19. Rec1 Qxb2 20. Qf6 O-O 21. Bd3
Kh7 22. Qg5 Qd4 23. Qxh5+ Kg7 24. Qe2 b3 25. Rab1 Rfc8 26. Rd1 Qb4 27. Qd2 Qxd2
28. Rxd2 Rc5 29. Ra1 g5 30. f3 Rac8 31. Bxa6 Rc1+ 32. Rxc1 Rxc1+ 33. Kf2 Rc2
34. Ke1 b2 35. Rd1 Rxg2 36. Bd3 Rxh2 37. a6 Bxf3 38. Rb1 g4 39. a7 g3 40. Kf1
Rh1# 0-1

[Event "Campeonato de España Individual"]
[Site "Cala Major-Palma de Mallorca"]
[Date "2009.10.04"]
[Round "9.26"]
[White "Vega Gutierrez, Belinda"]
[Black "Gutierrez Castillo, Oscar"]
[Result "0-1"]
[WhiteElo "2218"]
[BlackElo "2130"]
[PlyCount "106"]
[EventDate "2009.09.26"]

1. e4 e6 2. d4 d5 3. Bd3 dxe4 4. Bxe4 Nf6 5. Bf3 c5 6. Ne2 Nc6 7. Be3 cxd4 8.
Nxd4 Ne5 9. Nc3 Nxf3+ 10. Qxf3 Bb4 11. O-O Bxc3 12. bxc3 Qd5 13. Qe2 O-O 14.
Nb5 Qe5 15. f4 Qe4 16. Qd3 Bd7 17. Rab1 b6 18. Bd4 Bc6 19. Qxe4 Nxe4 20. Rfd1
Rfc8 21. Rd3 Bxb5 22. Rxb5 Rc4 23. f5 Nd6 24. Rb4 Rxb4 25. cxb4 Nxf5 26. Bf2
Kf8 27. Rd7 Ke8 28. Rc7 Nd6 29. a4 Kd8 30. Rc3 Rc8 31. Rd3 Ke7 32. c3 Ne4 33.
Bd4 f6 34. Re3 Nd6 35. a5 Nf5 36. axb6 Nxe3 37. b7 Rb8 38. Bxa7 Rxb7 39. Bxe3
Rc7 40. Bd2 Kd6 41. Kf2 Kd5 42. h4 Kc4 43. g4 Kd3 44. Be1 Rb7 45. Kf3 Rb5 46.
Kf4 g6 47. Kf3 h5 48. Kf4 hxg4 49. Kxg4 Rf5 50. Kh3 Rf1 51. Bg3 Kxc3 52. Bd6
Kc4 53. Be7 e5 0-1

[Event "Campeonato de España Individual"]
[Site "Cala Major-Palma de Mallorca"]
[Date "2009.10.04"]
[Round "9.27"]
[White "Diaz Rodriguez, Jose Antonio"]
[Black "Segura Ariza, Jose Luis"]
[Result "1/2-1/2"]
[WhiteElo "2121"]
[BlackElo "2210"]
[PlyCount "64"]
[EventDate "2009.09.26"]

1. e4 e6 2. d4 d5 3. e5 c5 4. c3 Qb6 5. Nf3 Bd7 6. Be2 Bb5 7. O-O Bxe2 8. Qxe2
Ne7 9. dxc5 Qxc5 10. Na3 a6 11. Be3 Qc7 12. c4 dxc4 13. Nxc4 Nd5 14. Rac1 Nc6
15. Rfd1 Be7 16. Nd6+ Bxd6 17. exd6 Qxd6 18. Bc5 Qd7 19. Ng5 O-O-O 20. Ne4 Kb8
21. Qf3 Qc7 22. g3 Rd7 23. Qa3 Rhd8 24. Bf8 Qe5 25. Nc5 Rc7 26. Nd3 Qe4 27. Bd6
Nd4 28. Bxc7+ Nxc7 29. Qe7 Nf3+ 30. Kf1 Nxh2+ 31. Kg1 Nf3+ 32. Kf1 Nh2+ 1/2-1/2

[Event "Campeonato de España Individual"]
[Site "Cala Major-Palma de Mallorca"]
[Date "2009.10.04"]
[Round "9.28"]
[White "Ruiz Marana, Alejandro"]
[Black "Juan Mas, Santiago"]
[Result "1/2-1/2"]
[WhiteElo "2204"]
[BlackElo "2098"]
[PlyCount "94"]
[EventDate "2009.09.26"]

1. d4 Nf6 2. Bg5 b6 3. Nf3 Bb7 4. Nbd2 d5 5. e3 Nbd7 6. c4 e6 7. Qc2 Be7 8. Bd3
O-O 9. O-O h6 10. Bh4 c5 11. Rac1 dxc4 12. Bxc4 cxd4 13. exd4 Nh5 14. Bxe7 Qxe7
15. Rfe1 Ndf6 16. Qb3 Nf4 17. Nf1 Rac8 18. Qe3 Qd6 19. Qe5 Qxe5 20. dxe5 Nd7
21. N1d2 Nc5 22. Rc3 Rfd8 23. Rec1 Na4 24. R3c2 Bxf3 25. Nxf3 Rxc4 26. Rxc4
Ne2+ 27. Kf1 Nxc1 28. Rxc1 Nxb2 29. Rc7 a5 30. Ke2 b5 31. Rc5 Na4 32. Rc7 b4
33. Rc2 Nc3+ 34. Ke3 a4 35. Nd4 Nd5+ 36. Ke4 a3 37. f4 Nc3+ 38. Ke3 Nd5+ 39.
Ke4 Nc3+ 40. Ke3 Nd1+ 41. Kd3 Nb2+ 42. Ke4 Rb8 43. g4 Na4 44. Kd3 Nb2+ 45. Ke4
Na4 46. Kd3 Nb2+ 47. Ke4 Na4 1/2-1/2

[Event "Campeonato de España Individual"]
[Site "Cala Major-Palma de Mallorca"]
[Date "2009.10.04"]
[Round "9.29"]
[White "Jimenez De La Torre, Jose A"]
[Black "Revilla Rio, Francisco"]
[Result "0-1"]
[WhiteElo "2175"]
[BlackElo "2094"]
[PlyCount "76"]
[EventDate "2009.09.26"]

1. e4 e5 2. Nf3 d6 3. d4 Nd7 4. c4 Ngf6 5. Nc3 c6 6. Be2 Be7 7. O-O O-O 8. b3
Re8 9. Bb2 Bf8 10. dxe5 dxe5 11. Qc2 Qc7 12. Rfd1 Nc5 13. Rd2 Bg4 14. Rad1 Bxf3
15. Bxf3 Ne6 16. Ne2 Bb4 17. Bc3 a5 18. Bxb4 axb4 19. c5 Qa5 20. Rc1 Qb5 21.
Qc4 Ra5 22. Rdc2 Nd7 23. a4 Qxc5 24. Qd3 Qe7 25. Rd1 Ndf8 26. Rcd2 Rd8 27. Qe3
Rxd2 28. Qxd2 b5 29. axb5 Rxb5 30. g3 Ra5 31. Qc2 c5 32. Rd5 Nc7 33. Rd1 Nfe6
34. Qb2 Nd4 35. Nxd4 cxd4 36. Be2 Nb5 37. f4 Nc3 38. Bc4 Nxd1 0-1

[Event "Campeonato de España Individual"]
[Site "Cala Major-Palma de Mallorca"]
[Date "2009.10.04"]
[Round "9.30"]
[White "Castell Cantero, Salvador"]
[Black "Solino Nebot, Leonardo"]
[Result "0-1"]
[WhiteElo "1977"]
[BlackElo "2174"]
[PlyCount "106"]
[EventDate "2009.09.26"]

1. d4 Nf6 2. c4 e6 3. Nc3 Bb4 4. Qc2 c5 5. e3 Nc6 6. Nf3 d6 7. Bd3 e5 8. O-O
Bxc3 9. bxc3 O-O 10. Ng5 h6 11. Ne4 cxd4 12. cxd4 Nb4 13. Qb3 Nxd3 14. Qxd3
Nxe4 15. Qxe4 Qc7 16. Ba3 Rd8 17. d5 Qa5 18. Qd3 b6 19. Qb3 Bf5 20. Rfc1 Rac8
21. Bb4 Qa6 22. a4 Qb7 23. Bd2 Rc5 24. f3 Bg6 25. Bb4 Rc7 26. a5 b5 27. a6 Qc8
28. c5 dxc5 29. Ba5 c4 30. Qd1 Rc5 31. Bxd8 Qxd8 32. e4 f5 33. Qe2 fxe4 34.
fxe4 Qb6 35. Kh1 c3 36. Qd3 b4 37. d6 Rc6 38. Qd5+ Bf7 39. Qxe5 Rxd6 40. Rd1
Rxd1+ 41. Rxd1 c2 42. Re1 b3 43. Qc3 Qf2 44. Rg1 Qb6 45. Rf1 Bg6 46. Qc8+ Kh7
47. Rf8 c1=Q+ 48. Qxc1 b2 49. Qb1 Qd4 50. Rf4 Qe3 51. Rf1 Qd2 52. Rd1 Qxd1+ 53.
Qxd1 Bxe4 0-1

[Event "Campeonato de España Individual"]
[Site "Cala Major-Palma de Mallorca"]
[Date "2009.10.04"]
[Round "9.31"]
[White "Iñigo Muñoz, Javier"]
[Black "Cerdo Fernandez, Miguel"]
[Result "1-0"]
[WhiteElo "2167"]
[BlackElo "1921"]
[PlyCount "43"]
[EventDate "2009.09.26"]

1. c4 Nf6 2. Nc3 e5 3. g3 Nc6 4. Bg2 Bb4 5. e4 Bxc3 6. bxc3 d6 7. Rb1 O-O 8.
Ne2 b6 9. O-O a5 10. d3 Nd7 11. f4 f6 12. f5 Nc5 13. h4 g6 14. Bh6 Rf7 15. g4
Ne7 16. d4 Nd7 17. g5 Kh8 18. gxf6 Nxf6 19. dxe5 Nfg8 20. e6 Nxh6 21. exf7 gxf5
22. Qd4# 1-0

[Event "Campeonato de España Individual"]
[Site "Cala Major-Palma de Mallorca"]
[Date "2009.10.04"]
[Round "9.32"]
[White "Serra Olives, Tomas"]
[Black "Gelabert Mari, Llorenç"]
[Result "1-0"]
[WhiteElo "2145"]
[BlackElo "2083"]
[PlyCount "155"]
[EventDate "2009.09.26"]

1. e4 e6 2. d4 b6 3. Nf3 Bb7 4. Nc3 Nf6 5. Bd3 Bb4 6. Bg5 h6 7. Bxf6 Qxf6 8.
O-O Bxc3 9. bxc3 d6 10. Qe2 O-O 11. Rfe1 e5 12. a4 a5 13. Bb5 Nc6 14. Qc4 Nd8
15. Qxc7 exd4 16. Qxb6 dxc3 17. Rad1 Rb8 18. Rxd6 Ne6 19. Qxa5 Qf4 20. Qb4 g5
21. Rd3 g4 22. Nh4 Ng5 23. Rde3 Rfd8 24. f3 g3 25. Nf5 gxh2+ 26. Kh1 Bc8 27.
Ne7+ Kh7 28. Qxc3 Be6 29. Nc6 Rbc8 30. Qe5 Qxe5 31. Nxe5 Rxc2 32. Kxh2 Rdd2 33.
R3e2 f6 34. Ng4 Kg7 35. Ne3 Rxe2 36. Rxe2 Rc3 37. Nd5 Rc1 38. Rd2 h5 39. Nf4
Rc3 40. Nxh5+ Kf7 41. Rd3 Rc2 42. Nf4 Bc8 43. a5 Rb2 44. Bc4+ Ke8 45. Ra3 Rb7
46. Nd5 f5 47. a6 Ra7 48. Nb6 Bxa6 49. Bxa6 Rh7+ 50. Kg1 fxe4 51. Bb5+ Kd8 52.
f4 Rb7 53. Ra8+ Kc7 54. Nd5+ Kd6 55. Rd8+ Kc5 56. Be2 Rb1+ 57. Kf2 Ne6 58. Rd7
Kc6 59. Nf6 Nxf4 60. Rd2 e3+ 61. Kxe3 Nxg2+ 62. Ke4 Rb4+ 63. Ke5 Ne3 64. Bf3+
Kc5 65. Rd8 Nc4+ 66. Ke6 Rb6+ 67. Ke7 Ne5 68. Rc8+ Kd4 69. Be4 Nc4 70. Rd8+ Ke5
71. Rd5+ Kf4 72. Rf5+ Ke3 73. Rf3+ Ke2 74. Rc3 Ne5 75. Ra3 Rb2 76. Ke6 Rb5 77.
Nd5 Nc4 78. Bd3+ 1-0

[Event "Campeonato de España Individual"]
[Site "Cala Major-Palma de Mallorca"]
[Date "2009.10.04"]
[Round "9.33"]
[White "Garcia Rodriguez, Victor"]
[Black "Munar Rossello, Pedro"]
[Result "1-0"]
[WhiteElo "2086"]
[BlackElo "2144"]
[PlyCount "59"]
[EventDate "2009.09.26"]

1. e4 c5 2. Nf3 e6 3. d4 cxd4 4. Nxd4 a6 5. Bd3 Nf6 6. O-O Qc7 7. Kh1 Nc6 8.
Nb3 Be7 9. f4 b5 10. Nc3 d6 11. e5 dxe5 12. fxe5 Nxe5 13. Bf4 Bb7 14. Qe2 Bd6
15. Bxb5+ Ke7 16. Rad1 axb5 17. Rxd6 Qxd6 18. Bxe5 Qc6 19. Nd4 Qxg2+ 20. Qxg2
Bxg2+ 21. Kxg2 Ng4 22. Bf4 e5 23. Re1 Kf6 24. Nd5+ Kg6 25. Bxe5 Nxe5 26. Rxe5
f6 27. Re7 Rxa2 28. Nf4+ Kh6 29. Re3 g6 30. Nde6 1-0

[Event "Campeonato de España Individual"]
[Site "Cala Major-Palma de Mallorca"]
[Date "2009.10.04"]
[Round "9.34"]
[White "Guadamuro Torrente, Anabel"]
[Black "Montoya Irigoyen, Iñigo"]
[Result "1/2-1/2"]
[WhiteElo "2142"]
[BlackElo "2070"]
[PlyCount "85"]
[EventDate "2009.09.26"]

1. e4 c5 2. Nf3 e6 3. g3 Nc6 4. Bg2 d6 5. O-O Nf6 6. Re1 Bd7 7. c3 e5 8. d4
cxd4 9. cxd4 Bg4 10. d5 Nd4 11. Be3 Nxf3+ 12. Bxf3 Bxf3 13. Qxf3 Qd7 14. Nc3
Be7 15. Qe2 a6 16. a4 h5 17. Bg5 h4 18. Bxf6 Bxf6 19. Nd1 hxg3 20. fxg3 Bg5 21.
b4 Ke7 22. Rf1 g6 23. Ne3 Qh3 24. Rf2 Rac8 25. Nf1 Rc3 26. b5 a5 27. b6 Rhc8
28. Ra2 R8c5 29. Rb2 Rc1 30. Rf3 Ra1 31. Ra2 Rb1 32. Rb2 Ra1 33. Ra2 Rcc1 34.
Rxa1 Rxa1 35. Rc3 Kf8 36. Qf3 Kg7 37. Ra3 Rc1 38. Rc3 Rb1 39. Rb3 Ra1 40. Ra3
Rc1 41. Rc3 Rb1 42. Rb3 Ra1 43. Ra3 1/2-1/2

[Event "Campeonato de España Individual"]
[Site "Cala Major-Palma de Mallorca"]
[Date "2009.10.04"]
[Round "9.35"]
[White "Sarto Ramos, Angel"]
[Black "Planas Gene, Juan"]
[Result "1-0"]
[WhiteElo "2037"]
[BlackElo "2130"]
[PlyCount "81"]
[EventDate "2009.09.26"]

1. d4 Nf6 2. Nc3 d5 3. Bg5 g6 4. Qd2 Bg7 5. Bh6 O-O 6. Bxg7 Kxg7 7. Nf3 Nc6 8.
e3 Ne4 9. Nxe4 dxe4 10. Ng5 e5 11. Nxe4 exd4 12. O-O-O Qd5 13. Nc3 Qa5 14. exd4
Be6 15. d5 Rad8 16. Bc4 Bf5 17. Nb5 Qxd2+ 18. Rxd2 Ne5 19. Bb3 a6 20. Nxc7 Rd6
21. Re1 Rc8 22. Rxe5 Rxc7 23. f3 Rc5 24. g4 Bd7 25. g5 Bb5 26. Rd4 Rc7 27. Kd2
Bf1 28. h4 Bh3 29. c3 Bg2 30. Bd1 h6 31. b3 hxg5 32. hxg5 Bh3 33. c4 f6 34.
gxf6+ Kxf6 35. Re8 Bf5 36. Bc2 Bxc2 37. Kxc2 b6 38. Kd3 a5 39. Rde4 Rcd7 40.
R8e6+ Kf7 41. Rf4+ 1-0

[Event "Campeonato de España Individual"]
[Site "Cala Major-Palma de Mallorca"]
[Date "2009.10.04"]
[Round "9.36"]
[White "Lechado Artigues, Pedro"]
[Black "Fernandez Calzada, Juan A"]
[Result "1-0"]
[WhiteElo "2110"]
[BlackElo "1895"]
[PlyCount "67"]
[EventDate "2009.09.26"]

1. e4 c5 2. Nf3 d6 3. d4 cxd4 4. Nxd4 Nf6 5. Nc3 a6 6. Be3 e6 7. f3 Qc7 8. Qd2
b5 9. O-O-O Nbd7 10. g4 Ne5 11. g5 Nfd7 12. f4 Nc4 13. Bxc4 Qxc4 14. b3 Qc7 15.
f5 Ne5 16. Bf4 Bd7 17. Nce2 Rc8 18. Bxe5 dxe5 19. Nf3 Bc6 20. Ng3 Be7 21. Kb1
Bb7 22. fxe6 fxe6 23. Nxe5 O-O 24. Nd3 Rfd8 25. Rc1 Ba3 26. Rcf1 a5 27. Rf2 Qd6
28. Rhf1 Bb4 29. Qf4 Qd4 30. Qf7+ Kh8 31. Nxb4 Qxb4 32. Qxb7 a4 33. Nh5 Qd4 34.
Qxc8 1-0

[Event "Campeonato de España Individual"]
[Site "Cala Major-Palma de Mallorca"]
[Date "2009.10.04"]
[Round "9.37"]
[White "Alemany Jara, Alejandro"]
[Black "Veganzones Rojo, David"]
[Result "0-1"]
[WhiteElo "1766"]
[BlackElo "2100"]
[PlyCount "80"]
[EventDate "2009.09.26"]

1. d4 d5 2. Nf3 Nf6 3. Bf4 c5 4. e3 Nc6 5. c3 Qb6 6. Qb3 c4 7. Qc2 Bf5 8. Qc1
e6 9. Nbd2 h6 10. Be2 Be7 11. h3 O-O 12. O-O Rfc8 13. Bd1 Qd8 14. Bc2 b5 15.
Re1 b4 16. e4 dxe4 17. Nxe4 Nd5 18. Bd2 bxc3 19. Nxc3 Bxc2 20. Qxc2 Bf6 21. Qe4
Rab8 22. Rab1 Ndb4 23. Bf4 Rb6 24. Be5 Nd3 25. Re2 Ncb4 26. a3 Nd5 27. Rc2 Nxc3
28. Rxc3 Nxb2 29. Qc2 Na4 30. Rxb6 Nxb6 31. Nd2 Bxe5 32. dxe5 Qd4 33. Nf3 Qc5
34. Qe4 Nd5 35. Rc1 c3 36. a4 Qa3 37. Qc2 Rb8 38. Qd1 Rb2 39. Ra1 c2 40. Qe1
Qxa1 0-1

[Event "Campeonato de España Individual"]
[Site "Cala Major-Palma de Mallorca"]
[Date "2009.10.04"]
[Round "9.38"]
[White "Valls Casas, Jordi"]
[Black "Redondo Pomar, Antonio"]
[Result "1-0"]
[WhiteElo "2094"]
[BlackElo "1955"]
[PlyCount "85"]
[EventDate "2009.09.26"]

1. d4 d5 2. Nf3 c6 3. g3 Nf6 4. Bg2 Nbd7 5. O-O Ne4 6. c4 e6 7. Nc3 Nxc3 8.
bxc3 Bd6 9. cxd5 exd5 10. Qd3 O-O 11. Ng5 Nf6 12. e4 dxe4 13. Nxe4 Bf5 14. f3
h6 15. g4 Bh7 16. h3 Kh8 17. Rb1 Rb8 18. Rb2 Re8 19. Re2 c5 20. g5 hxg5 21.
Bxg5 cxd4 22. cxd4 Be5 23. Rd2 Bc7 24. Qc4 Re6 25. d5 Ra6 26. d6 Ba5 27. Rd3
Bxe4 28. fxe4 Rxd6 29. Rxd6 Qxd6 30. e5 Qb6+ 31. Kh1 Nh7 32. Qh4 Kg8 33. Bc1
Qd8 34. Qf4 Qe7 35. e6 Rf8 36. exf7+ Kh8 37. Qf5 Bc7 38. Bxb7 Nf6 39. Bg5 Qxf7
40. Bxf6 gxf6 41. Bd5 Qh7 42. Qg4 Be5 43. Rf5 1-0

[Event "Campeonato de España Individual"]
[Site "Cala Major-Palma de Mallorca"]
[Date "2009.10.04"]
[Round "9.39"]
[White "Planells Roig, Jose"]
[Black "Rodriguez Varela, Alvaro"]
[Result "1-0"]
[WhiteElo "2108"]
[BlackElo "1805"]
[PlyCount "63"]
[EventDate "2009.09.26"]

1. e4 e5 2. d4 exd4 3. c3 d5 4. exd5 Qxd5 5. cxd4 Bb4+ 6. Nc3 Bxc3+ 7. bxc3 c5
8. Nf3 Bg4 9. Be2 Nc6 10. O-O Nf6 11. h3 Bh5 12. c4 Qd6 13. d5 Ne7 14. Bb2 Bxf3
15. Bxf3 Rd8 16. Qa4+ Rd7 17. Rfe1 O-O 18. Be5 Qa6 19. Qxa6 bxa6 20. Rab1 Ne8
21. Rb8 Nd6 22. Reb1 f6 23. Bxd6 Rxd6 24. R1b7 Rxb8 25. Rxb8+ Kf7 26. Rb7 Ke8
27. Rxa7 Rb6 28. Kh2 g6 29. Rc7 Rb2 30. d6 Nf5 31. Bc6+ Kd8 32. Rxh7 1-0

[Event "Campeonato de España Individual"]
[Site "Cala Major-Palma de Mallorca"]
[Date "2009.10.04"]
[Round "9.41"]
[White "Navarrete Terrasa, Sebastian"]
[Black "Caliz Morales, Felipe"]
[Result "1-0"]
[WhiteElo "2019"]
[BlackElo "1885"]
[PlyCount "54"]
[EventDate "2009.09.26"]

1. e4 d6 2. c4 g6 3. d4 Bg7 4. Nc3 Nf6 5. Nge2 Nbd7 6. Ng3 c5 7. d5 a6 8. Be2
O-O 9. Bf4 Qb6 10. Qd2 Re8 11. O-O-O Qa5 12. Bh6 b5 13. h4 bxc4 14. Bxc4 Ne5
15. Be2 Bg4 16. f3 Bd7 17. h5 Rab8 18. Bxg7 Kxg7 19. hxg6 fxg6 20. Qh6+ Kf7 21.
f4 Nc4 22. Bxc4 Qb4 23. Rd2 Rh8 24. Be2 Bg4 25. e5 Bxe2 26. exf6 Bc4 27. Qg7+
Ke8 1-0

[Event "Campeonato de España Individual"]
[Site "Cala Major-Palma de Mallorca"]
[Date "2009.10.04"]
[Round "9.42"]
[White "Andreu Lopez, Santiago"]
[Black "Javaloy Guerrero, Manuel A"]
[Result "0-1"]
[WhiteElo "1977"]
[BlackElo "1878"]
[PlyCount "84"]
[EventDate "2009.09.26"]

1. e4 c5 2. Nf3 e6 3. d4 cxd4 4. Nxd4 Nf6 5. Bd3 a6 6. O-O d6 7. c3 Be7 8. f4
O-O 9. Kh1 b5 10. Nd2 e5 11. Ne2 Bb7 12. fxe5 dxe5 13. Nf3 Nxe4 14. Nxe5 Bc5
15. Bxe4 Bxe4 16. Qxd8 Rxd8 17. Ng3 Bg6 18. Nxg6 hxg6 19. Ne4 Bb6 20. Bf4 Nc6
21. Rad1 b4 22. c4 Bd4 23. b3 Be5 24. Bxe5 Nxe5 25. Kg1 a5 26. Ng5 a4 27. Rfe1
f6 28. Ne6 Rxd1 29. Rxd1 a3 30. c5 Rc8 31. Rd8+ Rxd8 32. Nxd8 Kf8 33. Ne6+ Ke7
34. Nd4 Nd3 35. Nc2 Kd7 36. Kf1 Kc6 37. Ke2 Nc1+ 38. Ke3 Kxc5 39. Kd2 Nxa2 40.
Ne1 Nc3 41. Kc2 Kd4 42. Nd3 a2 0-1

[Event "Campeonato de España Individual"]
[Site "Cala Major-Palma de Mallorca"]
[Date "2009.10.04"]
[Round "9.43"]
[White "Figuerola Campins, Antonio"]
[Black "Moya Albaladejo, Jose Antonio"]
[Result "0-1"]
[WhiteElo "1904"]
[BlackElo "1959"]
[PlyCount "40"]
[EventDate "2009.09.26"]

1. e4 e5 2. Nf3 Nf6 3. Nxe5 d6 4. Nf3 Nxe4 5. d4 d5 6. Bd3 Be7 7. O-O Nc6 8.
Re1 Bg4 9. Bxe4 dxe4 10. Rxe4 Bxf3 11. Qxf3 Nxd4 12. Qc3 Ne6 13. Nd2 O-O 14.
Nf3 Bf6 15. Qe1 Qd5 16. c3 Rad8 17. Bf4 Nc5 18. Re2 Nd3 19. Qd2 Qc4 20. Be3 Nf4
0-1

[Event "Campeonato de España Individual"]
[Site "Cala Major-Palma de Mallorca"]
[Date "2009.10.04"]
[Round "9.44"]
[White "Milian Calatayud, Jose Luis"]
[Black "Abadia Pascual, Luis"]
[Result "1/2-1/2"]
[WhiteElo "1718"]
[BlackElo "1958"]
[PlyCount "111"]
[EventDate "2009.09.26"]

1. e4 e6 2. d4 d5 3. exd5 exd5 4. Bd3 Nc6 5. c3 Nge7 6. Nf3 Bf5 7. O-O Qd7 8.
Bf4 O-O-O 9. Bb5 f6 10. Nbd2 g5 11. Bg3 h5 12. h3 h4 13. Bh2 g4 14. hxg4 Bxg4
15. Nb3 Bh6 16. Nc5 Qf5 17. Bd3 Qh5 18. Be2 Rdg8 19. Kh1 Nf5 20. Qb3 Na5 21.
Qb5 Ng3+ 22. fxg3 hxg3 23. Bd3 Bxf3 24. Bf5+ Qxf5 25. Rxf3 Qh5 26. Qd7+ Kb8 27.
Qh3 Qxh3 28. gxh3 gxh2 29. Nd7+ Kc8 30. Nxf6 Rg1+ 31. Rxg1 hxg1=Q+ 32. Kxg1 Rf8
33. Kg2 c6 34. b3 Bg7 35. Ng4 Rxf3 36. Kxf3 Kd7 37. Kf4 c5 38. Ne5+ Ke6 39. Nf3
Nc6 40. dxc5 Bxc3 41. Ng5+ Kf6 42. Nf3 Be5+ 43. Ke3 Kf5 44. h4 d4+ 45. Kd3 Nb4+
46. Kc4 Nxa2 47. Nxd4+ Bxd4 48. Kxd4 Nb4 49. Kc4 Nc6 50. b4 Kg4 51. b5 Ne7 52.
Kd4 Kxh4 53. Ke5 a6 54. bxa6 bxa6 55. Kd6 Nf5+ 56. Kc6 1/2-1/2

[Event "Campeonato de España Individual"]
[Site "Cala Major-Palma de Mallorca"]
[Date "2009.10.04"]
[Round "9.45"]
[White "Zhou, Tai Long"]
[Black "Miguelez Garcia, Erlantz"]
[Result "0-1"]
[WhiteElo "1818"]
[BlackElo "1948"]
[PlyCount "54"]
[EventDate "2009.09.26"]

1. e4 e5 2. Nf3 Nc6 3. d4 d6 4. Bc4 exd4 5. c3 Nf6 6. O-O Be7 7. Re1 d3 8. Bf4
O-O 9. Bxd3 Bg4 10. Nbd2 Ne5 11. Bxe5 dxe5 12. Qc2 Bd6 13. h3 Be6 14. Ng5 Nh5
15. Nxe6 fxe6 16. Be2 Nf4 17. Nf3 Qf6 18. b4 Qg6 19. g3 Nxh3+ 20. Kg2 Nf4+ 21.
Kg1 Qg4 22. Qd1 Nxe2+ 23. Qxe2 Qxf3 24. Qd2 Rf6 25. Re3 Qh5 26. Kg2 Raf8 27.
Re2 Qf3+ 0-1

[Event "Campeonato de España Individual"]
[Site "Cala Major-Palma de Mallorca"]
[Date "2009.10.04"]
[Round "9.47"]
[White "Oliver Font, Jose Luis"]
[Black "Trillo-Figueroa Vidal, Antonio"]
[Result "1-0"]
[WhiteElo "1915"]
[BlackElo "1838"]
[PlyCount "95"]
[EventDate "2009.09.26"]

1. e4 e6 2. d4 d5 3. Nd2 Nf6 4. e5 Nfd7 5. Bd3 c5 6. c3 cxd4 7. cxd4 Nc6 8. Ne2
Be7 9. Nf3 O-O 10. O-O f5 11. exf6 Nxf6 12. Nc3 Bd6 13. Bg5 a6 14. Rc1 Qc7 15.
Bh4 Bd7 16. Bg3 Bxg3 17. hxg3 Qb8 18. Re1 b5 19. Ne5 Qd6 20. g4 b4 21. Nxd7
Nxd7 22. Ne2 Ne7 23. Ng3 Qf4 24. Rf1 Rac8 25. Rxc8 Rxc8 26. Nh5 Qh6 27. g3 e5
28. dxe5 Nxe5 29. Kg2 Rc4 30. Nf4 Qc6 31. Rh1 g6 32. Re1 Qd6 33. Bc2 g5 34. Nd3
Nxg4 35. f3 Nf6 36. Ne5 Rc7 37. Qd2 h6 38. Qd3 Kg7 39. Ng4 Rxc2+ 40. Qxc2 Nxg4
41. fxg4 d4 42. Rd1 Qd5+ 43. Kh2 Nc6 44. a3 b3 45. Qd3 Ne5 46. Qf5 Nf3+ 47. Kh3
Ne5 48. Re1 1-0

[Event "Campeonato de España Individual"]
[Site "Cala Major-Palma de Mallorca"]
[Date "2009.10.04"]
[Round "9.49"]
[White "Rodriguez Yague, Fermin"]
[Black "Aguilo Pons, Francesc"]
[Result "1/2-1/2"]
[WhiteElo "1796"]
[BlackElo "1899"]
[PlyCount "57"]
[EventDate "2009.09.26"]

1. e4 c5 2. Nf3 d6 3. d4 cxd4 4. Nxd4 Nf6 5. Nc3 a6 6. Bg5 e6 7. f4 Qb6 8. Qd2
Qxb2 9. Rb1 Qa3 10. f5 b5 11. Rb3 Qa5 12. Bxf6 gxf6 13. Be2 e5 14. Nf3 Nd7 15.
Nd5 Qxd2+ 16. Nxd2 Ra7 17. c4 bxc4 18. Bxc4 Bb7 19. O-O Bh6 20. Nb1 Bxd5 21.
Bxd5 Ke7 22. Nc3 Be3+ 23. Kh1 Bd4 24. Ne2 Bc5 25. Rff3 Nb6 26. Nc3 Bd4 27. Ne2
Bc5 28. Nc3 Bd4 29. Ne2 1/2-1/2